| 000 | 01065ngm a2200205 a 4500 | ||
|---|---|---|---|
| 005 | 20240806063844.0 | ||
| 008 | 991125s1980 mx 028 aaspa u | ||
| 035 | _aUPN01000024265 | ||
| 049 | _aAV | ||
| 050 | 4 | _aPVI Z 0503 | |
| 245 | 0 | 4 |
_aLos libros tienen la palabra, 3 : _bFascículos "Cómo hacer mejor". |
| 260 |
_a[México] : _bUTEC, _c[198-]. |
||
| 300 |
_a1 videocasete (VHS) (28 min.) : _bson., col. |
||
| 520 | _a"Cómo hacer mejor" es una revista semanal publicada por la SEP, con la finalidad de ofrecer a un precio simbólico una publicación que enseñe en forma práctica y sencilla cómo hacer cosas útiles y creativas. En la sección el escritor y su mundo habla de Salvador Elizondo y sus obras, presenta su relato "Puente de Piedra" y una entrevista con el escritor | ||
| 501 | _aCon: El hombre y el universo -- La Biblioteca Nacional -- El Archivo General de la Nación | ||
| 600 | 1 | 4 |
_aELIZONDO, SALVADOR, _d1932-2006 |
| 650 | 7 |
_aEditores y publicaciones _zMéxico _2 _96105 |
|
| 650 | 4 |
_aLiteratura mexicana _94466 |
|
| 905 | _aAudiovisuales | ||
| 999 |
_c24265 _d24265 |
||